20 personajes célebres del mundo norteamericano moderno / (Record no. 47261)

MARC details
000 -LEADER
campo de control de longitud fija 00835nam a2200229 i 4500
001 - NÚMERO DE CONTROL
campo de control 47261
003 - IDENTIFICADOR DE NÚMERO DE CONTROL
campo de control ES-MaACL
005 - FECHA Y HORA DE LA ÚLTIMA TRANSACCIÓN
campo de control 20230906161529.0
007 - CAMPO FIJO DE DESCRIPCIÓN FÍSICA--INFORMACIÓN GENERAL
campo de control de longitud fija t|
008 - DATOS DE LONGITUD FIJA--INFORMACIÓN GENERAL
campo de control de longitud fija 030404s1965 mx ||||1|dspa d
100 1# - ENTRADA PRINCIPAL--NOMBRE DE PERSONA
Nombre de persona Cooper, Alice Cecilia.
9 (RLIN) 40379
245 10 - MENCIÓN DEL TÍTULO
Título 20 personajes célebres del mundo norteamericano moderno /
Mención de responsabilidad, etc. Alice Cecilia Cooper, Charles A. Palmer ; dibujos de Cameron Wright ; [versión española de Carlos Palomar].
250 ## - MENCION DE EDICION
Mención de edición 1ª ed.
260 ## - PUBLICACIÓN, DISTRIBUCIÓN, ETC.
Lugar de publicación, distribución, etc. México :
Nombre del editor, distribuidor, etc. Libreros Mexicanos Unidos,
Fecha de publicación, distribución, etc. 1965.
300 ## - DESCRIPCIÓN FÍSICA
Extensión 450 p. ;
Dimensiones 19 cm.
650 #4 - PUNTO DE ACCESO ADICIONAL DE MATERIA--TÉRMINO DE MATERIA
Término de materia o nombre geográfico como elemento de entrada Norteamericanos-
Subdivisión general Biografías.
9 (RLIN) 155043
700 1# - ENTRADA AGREGADA--NOMBRE PERSONAL
Nombre de persona Palmer, Charles A.
9 (RLIN) 88629
700 1# - ENTRADA AGREGADA--NOMBRE PERSONAL
Nombre de persona Wright, Cameron.
9 (RLIN) 117400
700 1# - ENTRADA AGREGADA--NOMBRE PERSONAL
Nombre de persona Palomar, Carlos.
9 (RLIN) 88662
740 0# - ENTRADA AGREGADA--TÍTULO RELACIONADO/ANALÍTICO NO CONTROLADO
Título relacionado o analítico no controlado Veinte personajes célebres del mundo norteamericano moderno.
852 ## - LOCALIZACIÓN
Ubicación ES-MaACL
Número de control de estantería C-29648
Holdings
Estatus retirado Estado de pérdida Estado de daño No para préstamo Biblioteca de origen Biblioteca actual Ubicación en estantería Fecha de adquisición Fuente de adquisición Total de préstamos Signatura topográfica completa Código de barras Visto por última vez Precio de reemplazo Tipo de ítem Koha
        Biblioteca del Ateneo de Madrid Biblioteca del Ateneo de Madrid Depósito 2 17/01/2008     C-29648 1049707 23/02/2023 23/02/2023 Libro impreso